Información por segmentos (Registro nro. 16839)

Detalles MARC
000 -LEADER
fixed length control field 00396 a2200133 4500
001 - CONTROL NUMBER
control field ART_7293
005 - DATE AND TIME OF LATEST TRANSACTION
control field 20260410161719.0
008 - FIXED-LENGTH DATA ELEMENTS--GENERAL INFORMATION
fixed length control field 260409a
100 1# - MAIN ENTRY--PERSONAL NAME
Personal name Viegas, Juan Carlos
245 10 - TITLE STATEMENT
Title Información por segmentos
700 1# - ADDED ENTRY--PERSONAL NAME
Personal name Fronti de García, Luisa
700 1# - ADDED ENTRY--PERSONAL NAME
Personal name Tonnelier, Alejandro
773 0# - HOST ITEM ENTRY
Title Contabilidad y auditoría
Related parts - Año 7, Nº 13 (jun. 2001)
Record control number REV1723

No hay ítems disponibles.